LEADER 01128nam--2200373li-450 001 990002822850203316 005 20180918160654.0 010 $a0-07-029613-8 035 $a000282285 035 $aUSA01000282285 035 $a(ALEPH)000282285USA01 035 $a000282285 100 $a2002006101984-------y0itay0103----ba 101 0 $aeng 102 $aUS 200 1 $aExperimental methods for engineers$fJ. P. Holman$gin collaboration with W. J. Gajda, Jr 205 $a4. ed. 210 $aNew York [etc.]$cMcGraw-Hill$dcopyr. 1984 215 $aXIV, 514 p.$cill.$d23 cm. 315 $aaltro genere 410 0$10010012100$12001 606 0 $aStrumenti per misure 676 $a620.0078 700 1$aHOLMAN,$bJack Philip$040547 702 1$aGAJDA,$bWalter J. 801 $aSistema bibliotecario di Ateneo dell' Università di Salerno$gRICA 912 $a990002822850203316 951 $aFT/218$b99$cFT 959 $aBK 969 $aDIMEC 979 $aDIMEC$b90$c20061004$lUSA01$h1644 979 $aDIMEC$b90$c20061004$lUSA01$h1645 996 $aExperimental methods for engineers$91489791 997 $aUNISA